Statistics for Guess Boygroup idols through pictures

Click here to take the quiz!

General Stats

  • This quiz has been taken 22 times
  • The average score is 52 of 100

Answer Stats

Answer% Correct
Jin
100%
BEOMGYU
94%
FELIX
94%
HYUNJIN
94%
JIMIN
94%
JUNG KOOK
94%
RM
94%
SUGA
94%
V
94%
BANG CHAN
88%
CHANGBIN
88%
HAN
88%
I.N
88%
Lee Know
88%
SEUNGMIN
88%
SOOBIN
88%
TAEHYUN
88%
HEESEUNG
82%
HUENINGKAI
82%
JAKE
82%
JAY
82%
J-HOPE
82%
JUNGWON
82%
NI-KI
82%
SUNGHOON
82%
SUNOO
82%
KAI
76%
SAN
76%
VERNON
76%
YEONJUN
76%
DINO
71%
HONGJOONG
71%
HOSHI
71%
MINGI
71%
WOOZI
71%
DK
65%
JEONGHAN
65%
JONGHO
65%
JOSHUA
65%
JUN
65%
MINGYU
65%
S.COUPS
65%
SEONGHWA
65%
SEUNGKWAN
65%
THE 8
65%
WONWOO
65%
YEOSANG
65%
YUNHO
65%
JOHNNY
59%
WOOYOUNG
59%
YUTA
59%
CHEN
47%
D.O
41%
I.M
41%
JAEHYUN
41%
JOOHONEY
41%
TAEYONG
41%
BAEKHYUN
35%
CHANYEOL
35%
HYUNGWON
35%
JUNGWOO
35%
SEHUN
35%
SUHO
35%
XIUMIN
35%
DOYOUNG
29%
HUNTER
29%
JINSIK
29%
KIHYUN
29%
MINHYUK
29%
MINJAE
29%
SHOWNU
29%
SUNWOO
29%
YECHAN
29%
ERIC
24%
HYUNWOO
24%
JUNGHOON
24%
JUNMIN
24%
KEVIN
24%
SEEUN
24%
SUMIN
24%
YUJUN
24%
MINO
18%
NEW
18%
Q
18%
TAEIL
18%
DOHOON
12%
HANJIN
12%
HYUNJAE
12%
JACOB
12%
JIHOON
12%
JINU
12%
JU HAKNYEON
12%
JUYEON
12%
SANGYEON
12%
SHINYU
12%
YOON
12%
YOUNGHOON
12%
YOUNGJAE
12%
HOONY
6%
KYUNGMIN
6%

Score Distribution

Percentile by Number Answered

Percent of People with Each Score

Your Score History

You have not taken this quiz